000 00731nam a2200241 i 4500
001 C2-0316151
003 PPAK
005 20180728112058.0
008 120718s2012 my a|||| ||||| | eng d
020 _a9789838615440
040 _aPPAK
_beng
_cPPAK
_erda
082 0 4 _a338.92709595
_223
090 0 0 _a338.92709595
_bTOW
_dR
245 0 0 _aTowards a sustainable built environment in Malaysia
264 1 _aPulau Pinang :
_bUniversiti Sains Malaysia ,
_c2012
300 _avii, 211 pages :
_billustrations ;
_c24 cm
336 _2rdacontent
_atext
337 _2rdamedia
_aunmediated
338 _2rdacarrier
_avolume
650 1 0 _aSustainable environment - Malaysia
700 0 _aMahyuddin Ramli,
_eeditor
942 _ddc
_cB
999 _c117296
_d117296